000 00912nas a2200301 4500
001 BR2012004342
003 BR-BrBNA
005 20231205120730.0
007 ta
008 230509b bl.|||p| |||| 00| 00por d
040 _aBR-BrBNA
_bpor
_cBiblioteca Nacional de Agricultura
041 _a(En)
072 _aF04; P34
100 1 _aPimentel, M.S.
100 1 _aTogun, A.O.
100 1 _aDe-Polli, H.
100 1 _aRouws, J.R.C.
100 1 _aGuerra, J.G.M.
245 1 _aNutrient input on rocket growth and soil microbial activity in alley cropping of pigeon pea
650 _aRÚCULA
650 _aGUANDU
650 _aESTERCO DE GADO
650 _aADUBO ORGÂNICO
650 _aMICROBIOLOGIA DO SOLO
773 0 _tRevista Ciência Agronômica (Brazil)
_xISSN 0045-6888
_g(Jan-Mar 2012), v. 43(1) p. 112-118
_wBR2012004342
909 _a202311
_bLúcia
_c55
_dLúcia Elande
942 _2AGRIS
_n0
_cANA
999 _c220013
_d220013